Die größten deutschen Sportler - Statistiken

Allgemein
  • Dieses Quiz wurde 1.768 mal gespielt
    1.710 seit der letzten Aktualisierung
  • Das Durchschnittsergebnis liegt bei 8 aus 12
Antwortstatistiken
Hint Antwort % Korrekt
Basketball Dirk Nowitzki
91%
Tennis Boris Becker
89%
Fußball Gerd Müller
89%
Motorsport Michael Schumacher
89%
Fußball Franz Beckenbauer
84%
Tennis Steffi Graf
73%
Tischtennis Timo Boll
73%
Skispringen Sven Hannawald
51%
Biathlon Magdalena Neuner
49%
Fußball Miroslav Klose
43%
Boxen Max Schmeling
29%
Fußball Fritz Walter
23%
Keine übereinstimmenden Quizze gefunden
Verteilung der Resultate
Anzahl Personen mit jedem Resultat
Perzentil nach korrekt beantworteten Fragen
Ihre Resultats-Entwicklung
Sie haben dieses Quiz seit der letzten Aktualisierung nicht gespielt